Every "Country" of the world - Statistics

General Stats
  • This quiz has been taken 5 times
  • The average score is 18 of 35
Answer Stats
North America % Correct
Australia
75%
Brazil
75%
Canada
75%
China
75%
Greater India
75%
Japan
75%
New Guinea
75%
Russia
75%
South Africa
75%
South korea
75%
USA
75%
Africa
50%
Cuba
50%
France
50%
Germany
50%
Grease
50%
Iceland
50%
Indonesia
50%
Italy
50%
Long Mexico
50%
South America
50%
Spain
50%
Texas
50%
The Middle East
50%
The Nordic Region
50%
yUK
50%
AHCS
25%
Baltics
25%
Chad
25%
Haiti
25%
Hawaii
25%
Jamaica
25%
Korea
25%
Stan
25%
Zealand
25%
No matching quizzes found
Score Distribution
Percent of People with Each Score
Percentile by Number Answered
Your Score History
You have not taken this quiz